01479nam a2200241Ia 4500001000600000003000900006008004100015040001300056040001300069041001300082100002200095100002900117245007700146245007700223250001100300260001200311260001300323260004900336300005700385500073900442650002501181650003101206C0559IT-RoPAU130308s9999 xx 000 0 und d aIT-RoPAU cIT-RoPAU aITALIANO aPozzato Maria Pia gCodice Aut. SPICS: 15179 a"Mito e parabola - la descrizione del tramonto in ""Tristes tropiques""" b"Mito e Parabola - la Descrizione del Tramonto in ""Tristes Tropiques""" a1a ed. aPALERMO bSellerio c1993 [1° Ed.:1993 - Ed.Ling.Originale:1993] a"130 p. (prefazione: no ; testo: 130 [pagine: 0-0])" aAnalisi del Brano del Tramonto dell'Opera di Claude Levi Strauss: tristi Tropici. testo , Contesto e Corpus. Avanzamento Figurativo del Discorso. Prima sequenza Argomentativa. Prima sequenza Descrittiva: Descrizione del Tramonto, ruolo della Luce, Organizzazione Temporale e Dello Spazio, Costruzionelinguistica, figure dell'Enunciazione. Brano Argomentativo Intermedio. seconda sequenza Descrittiva. Mito e Rito: Descrizione e Pratica Sciamanica, Paragone com Musica e Mito, Funzione Mitica e rituale del Tramonto, Percezione Illusione e Allucinazione. Terza sequenza Descrittiva: Vita contro Morte, mare Cielo e Terra, Struttura e Processo. Tramonto: Parabola Semiotica, Costruzione dell'Oggetto. Descrizione Semiotica dei Processi. aSAGGI DI LINGUISTICA eCodice materia Spics: 3207